Már eltűnt a falak mögül a kendergyár szeptemberben kezdik építeni az Árkád bevásárlóközpontot
Elmentve itt :
| Dokumentumtípus: | Cikk |
|---|---|
| Megjelent: |
2009-07-11
|
| Sorozat: | Délmagyarország
99 No. 161 |
| Kulcsszavak: | Szeged, Iparterület kendergyár Szeged, Bevásárlóközpont tervezet Árkád, Gyárépületek helyi védettség |
| Online Access: | http://dmarchiv.bibl.u-szeged.hu/141849 |
| LEADER | 00584nab a2200145 i 4500 | ||
|---|---|---|---|
| 001 | delm141849 | ||
| 005 | 20200204085303.0 | ||
| 008 | 200204s2009 hu o 0|| hun d | ||
| 040 | |a SZTE Délmagyarország Archívum |b hun | ||
| 041 | |a hun | ||
| 245 | 0 | 0 | |a Már eltűnt a falak mögül a kendergyár |h [elektronikus dokumentum] : |b szeptemberben kezdik építeni az Árkád bevásárlóközpontot |
| 260 | |c 2009-07-11 | ||
| 300 | |a 1, 3 | ||
| 490 | 0 | |a Délmagyarország |v 99 No. 161 | |
| 695 | |a Szeged, Iparterület kendergyár Szeged, Bevásárlóközpont tervezet Árkád, Gyárépületek helyi védettség | ||